Quizzes
Events
Quiz Creation
Community
Videos
Private Events
Remove Ads
Sign In
Join for FREE
Feedback
Dark Mode
Quiz Categories
Sports
Geography
Music
Movies
Television
Just For Fun
Miscellaneous
History
Literature
Language
Science
Gaming
Entertainment
Religion
Holiday
For Kids
Quiz Lab
Recent
Popular Today
Quiz Kudos Today
Editor Picks
Curator Picks
Quizzes by...
Day
Popularity
Type
Ratings
Length
Year
Community
Subscriptions
Recent Discussions
Orange Saloon
Badges
Playlists
Quests
Create
Leaderboards
Showdown
Live 5
Trivia Bingo
Activity
Puzzle Library
Sporcle Events
Private Events
Virtual Trivia
Globe League
Become a Host
Pub Owners
SporcleCon
Opinionation
Our Games
Videos
Blog
Mobile Apps
Partnerships
Remove Ads and Go Orange
Feedback
Sports
Athletes
MLB
NBA
NHL
NFL
Soccer
Sports Teams
WWE
NCAA
Football
Premier League
Basketball
Baseball
Hockey
Golf
Tennis
Cricket
Rugby
Auto Racing
Olympics
World Cup
Sports
Athletes
MLB
NBA
NHL
NFL
Soccer
Sports Teams
WWE
NCAA
Football
Premier League
Basketball
Baseball
Hockey
Golf
Tennis
Cricket
Rugby
Auto Racing
Olympics
World Cup
Random Quiz
Search Sporcle
×
Quiz Lab
Quiz Lab
Sports
last
Type in answers that appear in a list
Type in answers that appear in a list
Classic
Best Score? Go Orange.
Last 5 Starting QBs for each team NFC Stats
Can you name the Last 5 Starting QBs for each team?
By
godpaul27
10m
80 Questions
4,896 Plays
4,896 Plays
4,896 Plays
Comments
Comments
Give Quiz Kudos
Give Quiz Kudos
-
- Ratings
hide this ad
Replay
Link that replays current quiz
Next Quiz
Link to next quiz in quiz playlist
You Got
0%
They Got
Avg Score
53%
Avg Friend Score
Upgrade to see
Score Distribution
Jump to the score distribution portion of the page
Score
0/80
Timer
10:00
0
Plays Today
Team
Quarterback
% Correct
Minnesota Vikings
Brett Favre
98.6%
Green Bay Packers
Brett Favre
98.6%
Green Bay Packers
Aaron Rodgers
95.3%
Arizona Cardinals
Kurt Warner
95.3%
New York Giants
Kurt Warner
95.3%
Philadelphia Eagles
Donovan McNabb
93.6%
Chicago Bears
Jay Cutler
93.4%
New Orleans Saints
Drew Brees
92.9%
New York Giants
Eli Manning
92.8%
Dallas Cowboys
Tony Romo
92.7%
San Francisco 49ers
Alex Smith
91.8%
Seattle Seahawks
Matt Hasselbeck
91.6%
Washington Redskins
Tim Hasselbeck
91.4%
Minnesota Vikings
Tavaris Jackson
91.2%
Chicago Bears
Kyle Orton
90.2%
Detroit Lions
Matthew Stafford
90.1%
Carolina Panthers
Jake Delhomme
89.5%
Atlanta Falcons
Michael Vick
89.1%
Detroit Lions
Daunte Culpepper
88.8%
Atlanta Falcons
Matt Ryan
88.8%
Saint Louis Rams
Marc Bulger
88.3%
Washington Redskins
Jason Campbell
84.5%
Dallas Cowboys
Brad Johnson
83.4%
Tampa Bay Bucs
Josh Johnson
83.3%
Arizona Cardinals
Matt Leinart
75.2%
Tampa Bay Bucs
Jeff Garcia
73.7%
Philadelphia Eagles
Jeff Garcia
73.1%
Chicago Bears
Rex Grossman
72.7%
Philadelphia Eagles
Kevin Kolb
72.2%
Tampa Bay Bucs
Josh Freeman
69.6%
New York Giants
Kerry Collins
69.5%
Washington Redskins
Todd Collins
69.4%
New Orleans Saints
Aaron Brooks
68.7%
Seattle Seahawks
Seneca Wallace
66.5%
Detroit Lions
Jon Kitna
60.2%
Dallas Cowboys
Drew Bledsoe
59.1%
San Francisco 49ers
Shaun Hill
58.5%
New Orleans Saints
Mark Brunell
54.7%
Washington Redskins
Mark Brunell
54.7%
Atlanta Falcons
Joey Harrington
53.9%
Team
Quarterback
% Correct
Carolina Panthers
Matt Moore
51.6%
Chicago Bears
Brian Griese
47.9%
Tampa Bay Bucs
Byron Leftwich
47%
Atlanta Falcons
Byron Leftwich
47%
Carolina Panthers
Vinny Testaverde
42.1%
Dallas Cowboys
Vinny Testaverde
42.1%
Minnesota Vikings
Gus Frerotte
41.9%
Saint Louis Rams
Gus Frerotte
41.9%
Philadelphia Eagles
AJ Feeley
39.8%
Saint Louis Rams
Kyle Boller
39.3%
Saint Louis Rams
Trent Green
38.5%
Atlanta Falcons
Chris Redman
37.2%
San Francisco 49ers
J.T. O'Sullivan
36.5%
Tampa Bay Bucs
Brian Griese
34.9%
Detroit Lions
Dan Orlovsky
34.7%
Arizona Cardinals
Josh McCown
30.5%
Carolina Panthers
David Carr
29.4%
San Francisco 49ers
Chris Weinke
28.4%
Carolina Panthers
Chris Weinke
28.4%
San Francisco 49ers
Trent Dilfer
25.3%
Seattle Seahawks
Trent Dilfer
25.3%
Green Bay Packers
Don Majkowski
25.2%
Washington Redskins
Patrick Ramsey
24%
Dallas Cowboys
Drew Henson
23.8%
Philadelphia Eagles
Mike McMahon
21.4%
Detroit Lions
Drew Stanton
21.1%
Saint Louis Rams
Keith Null
19.5%
Chicago Bears
Chad Hutchinson
19.2%
Arizona Cardinals
Shaun King
17.4%
New York Giants
Jesse Palmer
16.5%
Minnesota Vikings
Brooks Bollinger
15.8%
New Orleans Saints
Jeff Blake
15.7%
Seattle Seahawks
Charlie Frye
9.5%
New York Giants
Kent Graham
9%
New Orleans Saints
Todd Bouman
7.7%
Minnesota Vikings
Kelly Holcomb
7.3%
Seattle Seahawks
Brock Huard
5.2%
Arizona Cardinals
John Navarre
3.4%
Green Bay Packers
Mike Tomczak
3.1%
Green Bay Packers
Blair Kiel
1.4%
Quiz Playlist
Details
Report
Send in Message
Add To Playlist
Classic:
Type in answers that appear in a list
Last Updated: Feb 16, 2017
Quiz Scoreboard
CHALLENGE
Sign Up to Join the Scoreboard
Show All
Scores
Hide
Comments
May contain spoilers
Recently Published
Billboard Blitz: Fleetwood Mac
by CooCooCachoo
Music
15s
Presidents Visiting Landmarks
by Hejman
History
7m
An Introduction to Baseball
by treessimontrees
Sports
5m
More to Explore
Quiz From the Vault
Featured Blog Post
Where Did the Easter Bunny Come From?
hide this ad
You Might Also Like...
Tags
last
nfc
Quarterbacks
Starting
team
Today's Top Quizzes in Sports
Browse Sports
hide this ad
Today's Top Quizzes in last
Browse last
Top Contributed Quizzes in Sports
1
Les meilleurs buteurs des matchs entre le PSG et l’OM
2
2022 World Cup Stars
3
FIFA Club World Cup Champions
4
Les entraîneurs de l'OM et du PSG au 21e siècle
5
Name the Premier League winners with different clubs
6
5-to-1: UK Sports Teams
7
La finale Lions - Afrique du Sud 2021
8
Criteria MLB: Left Handed Sluggers
9
AFC Teams Reveal (Wrong Answers Minefield)
10
England Test cricketers to play under Nasser Hussain
Explore More
Trending Topics
Kpop
Harry Potter
Anime
Crossword
Marvel
Disney
NBA
The Office
Song
NFL
WWE
Puzzle
Country
Soccer
Pokémon
hide this ad
More By:
godpaul27
Quiz
Plays
Rating
Category
Featured
Created
Movies Bunker II
608,348
3.90
Movies
Mar 4, 2010
Are You Smarter Than a 5th Grader?
28,487
2.62
Just For Fun
Feb 24, 2010
Millionaire - Football - W/ LIFELINES
9,363
3.68
Sports
Feb 25, 2010
Last 5 Starting QBs for each team NFC
4,896
3.57
Sports
Feb 25, 2010
Most Deaths - World War II
4,689
3.63
History
Feb 22, 2010
Go to Creator's Profile
Score Distribution
Quiz Creator Spotlight
godpaul27
Follow
Send a Message
Quizzes Created
-
Created Quiz Play Count
-
More By This Creator
Popular Quizzes Today
1
Find the US States - No Outlines Minefield
2
Find the Countries of Europe - No Outlines Minefield
3
The Countries of the World
4
Find the US States
5
Popular People in 1961
6
US States
7
Risky Map Clicking: Biggest States A-Z
8
Movies - When Are They Set?
More Sports Quizzes
Multiple Choice: Kraken or Not
Curator's Pick
Trending Quizzes
Risky Map Clicking: Least Populous States A-Z
1-10 Letter G Words
1-10 Letter F Words
Risky Map Clicking: Next State Alphabetically
'A' Boys' Names Grid
Recently Updated
Leaping Animals
pecheneg
Reality TV Shows (A-Z)
bhenderson79
Rickey Henderson's Hall of Fame Teammates
pecheneg
Champions League XIs: Arsenal
pecheneg
Quick Pick: Celebrities in WWE's Hall of Fame
aduchscher
A-Z Keypad Blitz II
pecheneg
Multiple Oscar Actors
pecheneg
Mystery Phrase Blitz: Oscar 'Best Actors'
pecheneg
F. Scott Fitzgerald Novels
LTH
Pick 3 Villains
ddd62291
Trending Topics
NBA
Crossword
Marvel
Disney
Harry Potter
Anime
Kpop
Soccer
Song
Pokémon
NFL
Puzzle
The Office
WWE
Country
Your Account Isn't Verified!
In order to create a playlist on Sporcle, you need to verify the email address you used during registration. Go to your
Sporcle Settings
to finish the process.
Report this User
Report this user for behavior that violates our
Community Guidelines
.
Details:
Send Report
Go to the Sporcle.com Mobile Site →
Comments